ბათუმის შოთა რუსთაველის სახელმწიფო უნივერსიტეტის ბიბლიოთეკა

ელექტრონული მმართველობა საქართველოში (ბიბ.ჩანაწერი № 48276)

000 -LEADER
fixed length control field 01111nam a2200253Ia 4500
001 - CONTROL NUMBER
control field 15161
003 - CONTROL NUMBER IDENTIFIER
control field GE_BSU
008 - FIXED-LENGTH DATA ELEMENTS--GENERAL INFORMATION
fixed length control field 181216s||||||||xx |||||||||||||| ||und||
020 ## - INTERNATIONAL STANDARD BOOK NUMBER
International Standard Book Number 9789941074165
040 ## - CATALOGING SOURCE
Transcribing agency GE_BSU
080 ## - UNIVERSAL DECIMAL CLASSIFICATION NUMBER
Universal Decimal Classification number 004.738(479.22)
100 ## - MAIN ENTRY--PERSONAL NAME
Personal name დარჩაშვილი,მანანა. ლაზბა, ნატალია. მანველიძე,ირაკლი და სხვ.
245 ## - TITLE STATEMENT
Title ელექტრონული მმართველობა საქართველოში
245 ## - TITLE STATEMENT
Remainder of title სტატიების კრებული
245 ## - TITLE STATEMENT
Statement of responsibility, etc. რედ. მალხაზ მაცაბერი
260 ## - PUBLICATION, DISTRIBUTION, ETC.
Place of publication, distribution, etc. თბილისი
260 ## - PUBLICATION, DISTRIBUTION, ETC.
Name of publisher, distributor, etc. ახალი აზრი
260 ## - PUBLICATION, DISTRIBUTION, ETC.
Date of publication, distribution, etc. 2015
300 ## - PHYSICAL DESCRIPTION
Extent 80გვ.20სმ.
300 ## - PHYSICAL DESCRIPTION
Dimensions ბიბლიოგრ.თავების ბოლოს და ტექსტის შენიშვნ.
520 ## - SUMMARY, ETC.
Summary, etc. რეზ. ინგლ.
653 ## - INDEX TERM--UNCONTROLLED
Uncontrolled term ელექტრონული მმართველობა საქართველოში
942 ## - ADDED ENTRY ELEMENTS (KOHA)
Koha item type წიგნი
ეგზემპლარები
Withdrawn status Lost status Damaged status Not for loan Date acquired Barcode Date last seen Price effective from Koha item type
        2018-12-17 38217 2018-12-17 2018-12-17 წიგნი
        2018-12-17 38218 2018-12-17 2018-12-17 წიგნი
        2018-12-17 38219 2018-12-17 2018-12-17 წიგნი